| 000 | 00587nam a2200229Ia 4500 | ||
|---|---|---|---|
| 008 | 170712s9999 xx 000 0 und d | ||
| 020 | _a9789712724077 | ||
| 050 | _a398.99 | ||
| 050 | _bN433 2010 | ||
| 100 | _aNem Singh, Rosario P. | ||
| 245 | _aMga kasabihan at matalinhagang salita : | ||
| 245 | _bmatulaing paghahabi ng wika / | ||
| 245 | _cby Rosario P. Nem Singh. | ||
| 260 | _aPhilippines : | ||
| 260 | _bAnvil, | ||
| 260 | _c2010 | ||
| 300 | _a99 pages : | ||
| 300 | _billustrations ; | ||
| 300 | _c22cm. | ||
| 650 | _aProverbs, Philippines. | ||
| 650 | _aTitle. | ||
| 999 |
_c340316 _d340316 |
||